UBT Library

Visions of America : (Record no. 44664)

000 -LEADER
fixed length control field 00910cam a2200289 a 4500
001 - CONTROL NUMBER
control field 16992555
005 - DATE AND TIME OF LATEST TRANSACTION
control field 20180312043838.0
008 - FIXED-LENGTH DATA ELEMENTS--GENERAL INFORMATION
fixed length control field 111007s2013 mauab b 001 0 eng
010 ## - LIBRARY OF CONGRESS CONTROL NUMBER
LC control number 2011041966
020 ## - INTERNATIONAL STANDARD BOOK NUMBER
International Standard Book Number 9780205092666 (combined vol.)
020 ## - INTERNATIONAL STANDARD BOOK NUMBER
International Standard Book Number 0205092667 (combined vol.)
020 ## - INTERNATIONAL STANDARD BOOK NUMBER
International Standard Book Number 9780205092673 (v. 1)
020 ## - INTERNATIONAL STANDARD BOOK NUMBER
International Standard Book Number 9780205092680 (v. 2)
040 ## - CATALOGING SOURCE
Original cataloging agency DLC
Transcribing agency DLC
Modifying agency DLC
041 ## - LANGUAGE CODE
Language code of text/sound track or separate title eng
042 ## - AUTHENTICATION CODE
Authentication code pcc
043 ## - GEOGRAPHIC AREA CODE
Geographic area code n-us---
080 ## - UNIVERSAL DECIMAL CLASSIFICATION NUMBER
Universal Decimal Classification number 973 kee
082 00 - DEWEY DECIMAL CLASSIFICATION NUMBER
Classification number 973 kee
Edition number 23
100 1# - Rafti
Rafti 16
101 ## - Shkurtesa
Shkurtesa his
245 10 - TITLE STATEMENT
Title Visions of America :
504 ## - BIBLIOGRAPHY, ETC. NOTE
Bibliography, etc Includes bibliographical references and index.
906 ## - LOCAL DATA ELEMENT F, LDF (RLIN)
a 7
b cbc
c orignew
d 1
e ecip
f 20
g y-gencatlg
942 ## - ADDED ENTRY ELEMENTS (KOHA)
Source of classification or shelving scheme
Item type Books
Holdings
Withdrawn status Lost status Source of classification or shelving scheme Damaged status Not for loan Collection code Permanent location Current location Shelving location Date acquired Total Checkouts Full call number Barcode Date last seen Price effective from Koha item type
          Koleksioni i përgjithshem UBT - Lipjan UBT - Lipjan Koleksioni i përgjithshem 03/12/2018   973 kee 002-3001839 03/12/2018 03/12/2018 Books
UBT Library © 2015-2024. All rights reserved University Education for Business and Technology